000 01938nam0a2200361 4500
001 RU\NLR\bibl\1440182
005 20250615224423.0
021 _aRU
_b2009-76195
_94760
035 _a(NLR Aleph) 001432040
090 _a1408796
_c1408796
100 _a20090914d2008 |||y0rusy50 ca
101 0 _arus
102 _aRU
105 _aab |||||||||
200 1 _aАгроэкологическая оценка почвенного покрова и районирование территории Омской области
_eмонография
_fЯ.Р. Рейнгард, О.В. Нежевляк
_gпод науч. ред. д.биол.н. Я.Р. Рейнгарда
_gМ-во сел. хоз-ва Рос. Федерации, Федер. гос. образоват. учреждение высш. проф. образования "Омский гос. аграр. ун-т" (ФГОУ ВПО ОмГАУ)
210 _aОмск
_cИзд-во ФГОУ ВПО ОмГАУ
_d2008
215 _a158 с.
_cил., карт.
_d21
320 _aБиблиогр.: с. 146-158 (182 назв.)
606 1 _aПочвенный покров
_xАгроэкологическая оценка
_yОмская область
_92575889
_3RU\NLR\auth\661523024
606 1 _aПочвенное районирование
_yОмская область
_92575891
_3RU\NLR\auth\661523026
686 _aП033.32,0
_2rubbk
686 _aП9(2Р53-4Ом)03,0
_2rubbk
686 _aП035.8(2Р53-4Ом)
686 _aП035(2Р53-4Ом)
700 1 _4070
_7ca
_8rus
_aРейнгард
_bЯ. Р.
_f1935-
_gЯков Рувинович
_9169535
_3RU\NLR\AUTH\770169585
701 1 _aНежевляк
_bО. В.
_gОльга Владимировна
_4070
801 0 _aRU
_bОмская ГОНБ
_c20090914
_grcr
801 1 _aRU
_bОмская ГОНБ
_c20090914
_2rusmarc
801 2 _aRU
_bNLR
_c20091118
_grcr
942 _cBOOK
980 _aNB